Management: tasks, responsibilities, practices (Record no. 476597)

000 -LEADER
fixed length control field 00339cam a22001217a 4500
008 - FIXED-LENGTH DATA ELEMENTS--GENERAL INFORMATION
fixed length control field 180718b1974 xxu||||| |||| 00| 0 eng d
082 ## - DEWEY DECIMAL CLASSIFICATION NUMBER
Classification number I5 D84
100 ## - MAIN ENTRY--PERSONAL NAME
Personal name Drucker, Peter F.
245 ## - TITLE STATEMENT
Title Management: tasks, responsibilities, practices
Statement of responsibility, etc. by Peter F. Drucker
260 ## - PUBLICATION, DISTRIBUTION, ETC.
Place of publication, distribution, etc. London
Name of publisher, distributor, etc. Heinemann
Date of publication, distribution, etc. 1974
300 ## - PHYSICAL DESCRIPTION
Extent 839p.
650 ## - SUBJECT ADDED ENTRY--TOPICAL TERM
Topical term or geographic name entry element Management
Holdings
Withdrawn status Lost status Damaged status Not for loan Permanent Location Current Location Date acquired Full call number Barcode Date last seen Price effective from Koha item type
        Indian Institute of Public Administration Indian Institute of Public Administration 2018-08-04 I5 D84 GR9240 2018-08-04 2018-08-04 GR

Powered by Koha